000 01311nam a2200313 i 4500
003 EG-GICUC
005 20260121101410.0
008 251201s2019 ua ||||fr|||| 00| 0 ara d
040 _a EG-GICUC
_bara
_c EG-GICUC
_d EG-GICUC
_erda
041 0 _aara
082 0 4 _221
_a343.3
_bم ح , ش
092 0 4 _221
099 _aLaw1 10 343.3 م ح , ش 6 ed - 2019
100 0 _aمحمود نجيب حسني
_eمؤلف.
245 1 0 _aشرح قانون الاجراءات الجنانية :
_bوفقا لأحداث التعديلات التشريعية.
_nالمجلد الثاني /
_cتأليف الدكتور محمود نجيب حسني ؛ تنفيح الدكتورة فوزية عبد الستار.
250 _aالطبعة السادسة
264 1 _aالقاهرة :
_bدار النهضة العربية للنشر والتوزيع،
_c2019.
300 _a1707 صفحة ؛
_c24 سم.
336 _2rda content
_atext
337 _2rda media
_aComputer
338 _2rda carrier
_aOnline Resource
650 1 4 _aالإجراءات الجنائية
_2qrmak
650 1 4 _aالنظرية العامة لإثبات
651 1 _2qrmak
700 0 _aفوزية عبد الستار
_eمحرر.
856 4 0 _uhttps://fll.law.cu.edu.eg/fulltext/bks/B10-05722.pdf
905 _a5
942 _2ddc
_cBK
_e21
_n0
999 _c47588
_d47588